000
00342 a2200157 4500
001
48332
020
_a
9788516070083
040
_c
Anchieta - Bela Vista
100
_a
Bandeira, Pedro
240
1
0
_a
A onça e o saci
_l
por
245
1
0
_a
A onça e o saci
300
_a
31 p.
362
0
_a
2011
650
4
_a
Literatura infantil
942
_c
BK
999
_c
48332
_d
48332